MARC details
| 000 -CABECERA |
| campo de control de longitud fija |
03685nam a22003617a 4500 |
| 003 - IDENTIFICADOR DEL NÚMERO DE CONTROL |
| campo de control |
OSt |
| 005 - FECHA Y HORA DE LA ÚLTIMA TRANSACCIÓN |
| campo de control |
20240731114921.0 |
| 007 - CAMPO FIJO DE DESCRIPCIÓN FÍSICA--INFORMACIÓN GENERAL |
| campo de control de longitud fija |
cr ||||||a|c|a |
| 008 - DATOS DE LONGITUD FIJA--INFORMACIÓN GENERAL |
| campo de control de longitud fija |
240729s2021 mx ad||fom||| 001 0 spa d |
| 040 ## - FUENTE DE LA CATALOGACIÓN |
| Normas de descripción |
rda |
| 100 1# - ENTRADA PRINCIPAL--NOMBRE DE PERSONA |
| Nombre de persona |
Cruz Salinas, Luis Armando |
| 9 (RLIN) |
189299 |
| 245 13 - MENCIÓN DE TÍTULO |
| Título |
La familia Dermestidae, sus plagas de importancia económica en productos y subproductos nacionales y de importación / |
| Mención de responsabilidad, etc. |
por Luis Armando Cruz Salinas; presidente Ma. del Carmen Sánchez Gálvez; secretario Dulce Azucena Hernández Zetina; vocal Hugo Enrique González García; suplente Dimas Mejía Sánchez; suplente Calixto Leopoldo Carrillo Fonseca |
| 264 #1 - PRODUCCIÓN, PUBLICACIÓN, DISTRIBUCIÓN, FABRICACIÓN Y COPYRIGHT |
| Producción, publicación, distribución, fabricación y copyright |
Chapingo, México : |
| Nombre del de productor, editor, distribuidor, fabricante |
El autor, |
| Fecha de producción, publicación, distribución, fabricación o copyright |
2021 |
| 300 ## - DESCRIPCIÓN FÍSICA |
| Extensión |
1 recurso en línea (84 páginas): |
| Otras características físicas |
ilustraciones, gráficas, mapas |
| 336 ## - TIPO DE CONTENIDO |
| Fuente |
rdacontent |
| Término de tipo de contenido |
texto |
| Código de tipo de contenido |
txt |
| 337 ## - TIPO DE MEDIO |
| Fuente |
rdamedia |
| Nombre/término del tipo de medio |
computadora |
| Código del tipo de medio |
c |
| 338 ## - TIPO DE SOPORTE |
| Fuente |
rdacarrier |
| Nombre/término del tipo de soporte |
recurso en línea |
| Código del tipo de soporte |
cr |
| 502 ## - NOTA DE TESIS |
| Tipo de título |
Ingeniero Agrónomo Especialista en Parasitología Agrícola |
| Nombre de la institución que otorga el título |
Departamento de Enseñanza, Investigación y Servicio en Parasitología Agrícola, |
| Año de obtención del título |
2021 |
| Información miscelánea |
Licenciatura |
| 504 ## - NOTA DE BIBLIOGRAFÍA, ETC. |
| Nota de bibliografía, etc. |
Incluye referencias bibliográficas: páginas 78-83 |
| 520 ## - SUMARIO, ETC. |
| Sumario, etc. |
La familia Dermestidae, posee organismos muy perjudiciales, los cuales ocasionan daños <br/>considerables, que van desde el 30% al 75% en productos y subproductos de interés agrícola, <br/>pecuario, industrial, entre otros; tan solo las larvas pueden ocasionar detrimentos que repercuten <br/>de forma grave en la economía de una nación, al generar pérdidas de cientos de millones de dólares cada año, están presentes en diversos productos y subproductos tanto de exportación como de importación y es difícil de controlar por presentar un estado de reposo (diapausa facultativa), la cual le permite mayor tolerancia a insecticidas, así como un ciclo de vida longevo (más de nueve meses sin alimento). Por lo que de llegar a presentarse en México, en donde se siembra aproximadamente 13 millones de hectáreas de hospederos de esta plaga, la economía y la soberanía agroalimentaria se verían mermadas; por lo anterior es necesario estar en continua actualización respecto a las técnicas de identificación de especies, así como su distribución geográfica. Para elaborar esta investigación se recurrió a los registros de especies de la familia Dermestidae identificados por el personal del laboratorio de Entomología y Acarología del Centro Nacional de Referencia Fitosanitaria durante el periodo 2016-2019. Realizando con esto, una caracterización geográfica de los especímenes interceptados en las Oficinas de Inspección de Sanidad Agropecuaria (OISA´s), así como de las encontradas en el Programa de Vigilancia epidemiológica Fitosanitaria (PVEF), incluyendo su hospedero; finalmente se elaboraron claves pictográficas y convencionales para la determinación de estado larval y adulto. Encontrando como resultado final la identificación de un nuevo registro para México del género Orphinus, siendo este el primer reporte de Orphinus fulvipes (Guérin-Méneville, 1838). |
| 650 #4 - PUNTO DE ACCESO ADICIONAL DE MATERIA--TÉRMINO DE MATERIA |
| Término de materia o nombre geográfico como elemento de entrada |
Plagas |
| Subdivisión general |
Identificación |
| 9 (RLIN) |
126573 |
| 650 #4 - PUNTO DE ACCESO ADICIONAL DE MATERIA--TÉRMINO DE MATERIA |
| Término de materia o nombre geográfico como elemento de entrada |
Insectos |
| Subdivisión general |
Identificación Entomología económica |
| 9 (RLIN) |
168146 |
| 650 #4 - PUNTO DE ACCESO ADICIONAL DE MATERIA--TÉRMINO DE MATERIA |
| Término de materia o nombre geográfico como elemento de entrada |
Insectos |
| Subdivisión general |
Patogenicidad |
| 9 (RLIN) |
174947 |
| 650 #4 - PUNTO DE ACCESO ADICIONAL DE MATERIA--TÉRMINO DE MATERIA |
| Término de materia o nombre geográfico como elemento de entrada |
Insectos polífagos |
| Subdivisión general |
Identificación |
| 9 (RLIN) |
189310 |
| 650 #4 - PUNTO DE ACCESO ADICIONAL DE MATERIA--TÉRMINO DE MATERIA |
| Término de materia o nombre geográfico como elemento de entrada |
Plagas exóticas |
| 9 (RLIN) |
174127 |
| 700 1# - PUNTO DE ACCESO ADICIONAL--NOMBRE DE PERSONA |
| Nombre de persona |
Sánchez Gálvez, Ma. del Carmen |
| Término indicativo de función/relación |
presidente |
| 9 (RLIN) |
164748 |
| 700 1# - PUNTO DE ACCESO ADICIONAL--NOMBRE DE PERSONA |
| Nombre de persona |
Hernández Zetina, Dulce Azucena |
| 9 (RLIN) |
189300 |
| Término indicativo de función/relación |
secretario |
| 700 1# - PUNTO DE ACCESO ADICIONAL--NOMBRE DE PERSONA |
| Nombre de persona |
González García, Hugo Enrique |
| 9 (RLIN) |
130834 |
| Término indicativo de función/relación |
vocal |
| 700 1# - PUNTO DE ACCESO ADICIONAL--NOMBRE DE PERSONA |
| Nombre de persona |
Mejía Sánchez, Dimas |
| 9 (RLIN) |
74288 |
| Término indicativo de función/relación |
suplente |
| 700 0# - PUNTO DE ACCESO ADICIONAL--NOMBRE DE PERSONA |
| Nombre de persona |
Carrillo Fonseca, Calixto Leopoldo |
| 9 (RLIN) |
19482 |
| Término indicativo de función/relación |
suplente |
| 856 ## - LOCALIZACIÓN Y ACCESO ELECTRÓNICOS |
| Identificador Uniforme del Recurso |
http://10.13.5.2/tesis/tl/2021_PA_Cruz_Salinas_LuisArmando.pdf |
| Nota pública |
DESCARGAR PDF |
| 942 ## - ELEMENTOS DE PUNTO DE ACCESO ADICIONAL (KOHA) |
| Fuente del sistema de clasificación o colocación |
Clasificación Universidad Autónoma Chapingo |
| Tipo de ítem Koha |
Tesis digital |